000 00726nam a22002177a 4500
005 20251108174701.0
008 250721s2006 xx 000 0 ara d
082 1 4 _a909/شلغ
100 1 _aشلغين، بادي
_eمؤلف
245 1 0 _aقصة العالم الحديث و المعاصر في خمسة قرون /
264 1 _aدمشق :
_bدار كيوان للطباعة و النشر و التوزيع،
_c2006.
300 _a335 ص.
650 1 7 _aتاريخ العالم
650 1 7 _aالتاريخ الاميركي
650 1 7 _aتاريخ افريقيا
650 1 7 _aتاريخ آسيا
650 1 7 _aتاريخ اوروبا
650 1 7 _aالعصر الحديث
942 _2ddc
_cBK
999 _c115372
_d115372